00229nam a2200097Ia 4500008004100000100001900041245002700060260002300087260000900110546001200119170619s9999 xx 000 0 und d aBhavikatti S S 0aStructural Analysis II bNew Delhi : Oxford c2013 aENGLISH